Lana Del Rey - Off to the Races Lyrics - Statistics

General Stats
  • This quiz has been taken 699 times
  • The average score is 430 of 591
Answer Stats
Answer % Correct
the
100%
a
99%
I
99%
of
99%
to
98%
To
98%
And
97%
and
97%
he
97%
He
97%
My
97%
my
97%
races
97%
is
96%
me
96%
off
96%
I'm
94%
man
94%
man"
94%
do
93%
Love
93%
love
93%
But
91%
but
91%
in
91%
In
91%
old
91%
You
91%
you
91%
baby
90%
way
90%
way?
90%
Be
89%
bad
88%
heart
88%
what
87%
on
86%
can
85%
your
85%
his
84%
so
84%
when
84%
holds
83%
can't
82%
every
82%
L.A.
82%
life
82%
with
82%
about
81%
hand
81%
like
81%
loves
80%
by
78%
doesn't
78%
have
78%
crazy
77%
deny
77%
Light
77%
want
77%
all
76%
fire
76%
has
76%
it
76%
mind
76%
over
76%
red
76%
need
75%
down
74%
for
74%
cocaine
73%
good
73%
grabs
73%
knows
73%
Las
73%
little
73%
Vegas
73%
town
72%
was
72%
say
71%
him
70%
loins
70%
'Cause
69%
past
69%
scarlet
69%
Watch
69%
watch
69%
save
68%
Who
68%
Black
66%
black
66%
coins
65%
come
65%
gold
65%
here
65%
Kiss
65%
pool
65%
soul
65%
Chasing
64%
inch
64%
Swimming
64%
swimming
64%
them
64%
beat
63%
nail
63%
open
63%
polish
63%
that
63%
mouth
62%
says
62%
Says
62%
darling
61%
at
60%
Island
60%
put
60%
roll
60%
as
59%
As
59%
Ready
59%
broke
58%
Likes
58%
rollin'
58%
stone
58%
tell
58%
Tell
58%
wasted
58%
bikini
57%
White
57%
Because
56%
crass
56%
tough
56%
Gimme
55%
out
55%
dress
54%
forever
54%
get
54%
glimmering
54%
got
54%
yeah
54%
fact
53%
it's
53%
starlet
53%
Bacardi
52%
face
52%
might
52%
not
52%
time
52%
chasers
51%
glass
51%
Glass
51%
gonna
50%
Oh
50%
Queen
50%
sorry
50%
Sorry
50%
up
50%
Admires
49%
end
49%
flat
49%
garden
49%
goin'
49%
this
49%
won't
49%
die
48%
feels
48%
heaven
48%
we're
48%
bathroom
47%
blood
47%
blue
47%
Coney
47%
room
47%
shows
47%
sweet
47%
'til
47%
without
47%
may
46%
never
46%
one
46%
Singing
46%
sippin'
46%
You're
46%
you're
46%
Cases
45%
jam
44%
makeup
44%
stay
44%
tar
44%
thinks
44%
true
44%
pray
43%
puttin'
43%
thief
43%
are
42%
Facing
42%
trust
42%
am
41%
I'd
41%
Bright
40%
going
39%
us
39%
afraid
38%
again
38%
Chateau
38%
decision
38%
leave
38%
lips
38%
perfume
38%
ripples
38%
see
38%
beautiful
37%
'bout
37%
sittin'
37%
day
36%
else
36%
"Hon'
36%
lilac
36%
now
36%
breathe
35%
said
35%
Take
35%
fumes
34%
God
34%
looked
34%
Lord
34%
Rikers
34%
Cigar
33%
cognac
33%
Cristal
33%
from
33%
if
33%
Keep
33%
maybe
33%
misbehaving
33%
slippin'
33%
They
33%
own
32%
shameless
32%
would
32%
chain
31%
waist
31%
alone
30%
falling
30%
lying
30%
Marmont
30%
hanging
29%
harlot
29%
hell
29%
Leather
28%
tight
27%
basement
26%
places
26%
Honey
25%
Boy
24%
gate
23%
Raising
23%
rue
23%
set
23%
spin
20%
Casino
19%
laces
19%
Oasis
18%
Cipriani's
16%
chaos
13%
No matching quizzes found
Score Distribution
Percent of People with Each Score
Percentile by Number Answered
Your Score History
You have not taken this quiz